| 000 | 00738nam a2200229 a 4500 | ||
|---|---|---|---|
| 999 |
_c12570 _d12570 |
||
| 001 | 12570 | ||
| 003 | BD-JhCC | ||
| 005 | 20220910105057.0 | ||
| 008 | 211104b2021 bg a|||| ||a| 000 0 Ben d | ||
| 020 | _a9789849585435 | ||
| 035 | _a(BD-JhCC)12570 | ||
| 040 |
_aBD-JhCC _dBD-JhCC |
||
| 041 | _abengla | ||
| 082 |
_a658.409 _bHAI 2021 |
||
| 100 | _aহায়াত, আবীর শওকত | ||
| 245 |
_aনেতৃত্বের ধারণা নেতৃত্বের যাতনা / _cআবীর শওকত হায়াত। |
||
| 260 |
_aঢাকা : _bক্যাটালিস্ট ; _c২০২১. |
||
| 300 |
_a249p. : _bill; _c24 cm. |
||
| 650 | _aLeadership | ||
| 942 |
_2ddc _cBK |
||